000
00257pam a2200121 a 4500
020
_c
041
_h
082
_a
581
_b
SAX
100
_a
Saxena, A.K.
245
_a
A Textbook of Botany Vol I
_h
Textual Documents
700
_a
Sarbhi, R.P.
930
_a
10879
999
_c
87783
_d
87783